Fat Albert hey, hey, hey!

Bibliographic Details
Other Authors: Figueroa, Acton
Format: Book
Published: New York : HarperKidsEntertainment , 2004
Series:Festival readers
Subjects:

MARC

LEADER 00000cam a2200000 7i4500
001 0000026542
005 20151222.0
008 090624
020 |a 0060773197 
090 0 0 |a JF   |b ENG 
245 1 0 |a Fat Albert hey, hey, hey!   |c Adapted by Acton Figueroa 
260 |a New York :   |b HarperKidsEntertainment ,   |c 2004 
440 |a Festival readers 
500 |a Children ages 7-9 years old (orange) 
650 0 |a Friendship   |x fiction 
700 1 |a Figueroa, Acton 
999 |a 0001057566   |b Book   |c Children Collection   |e Perbadanan Perpustakaan Awam Johor 
999 |a 0001057567   |b Book   |c Children Collection   |e Perbadanan Perpustakaan Awam Johor 
999 |a 0001057569   |b Book   |c Children Collection   |e Perbadanan Perpustakaan Awam Johor